La classe operaia ungherese sotto il terrore bianco / (Record no. 87659)

MARC details
000 -LEADER
campo de control de longitud fija 00403nam a2200145 i 4500
001 - NÚMERO DE CONTROL
campo de control 87659
003 - IDENTIFICADOR DE NÚMERO DE CONTROL
campo de control ES-MaACL
005 - FECHA Y HORA DE LA ÚLTIMA TRANSACCIÓN
campo de control 20230906175721.0
007 - CAMPO FIJO DE DESCRIPCIÓN FÍSICA--INFORMACIÓN GENERAL
campo de control de longitud fija t|
008 - DATOS DE LONGITUD FIJA--INFORMACIÓN GENERAL
campo de control de longitud fija 041222s1920 it ||||1| ita d
100 1# - ENTRADA PRINCIPAL--NOMBRE DE PERSONA
Nombre de persona Kun, Bela.
9 (RLIN) 69020
245 13 - MENCIÓN DEL TÍTULO
Título La classe operaia ungherese sotto il terrore bianco /
Mención de responsabilidad, etc. Bela Kun.
260 ## - PUBLICACIÓN, DISTRIBUCIÓN, ETC.
Lugar de publicación, distribución, etc. Milano :
Nombre del editor, distribuidor, etc. Societá editrice Avanti,
Fecha de publicación, distribución, etc. 1920.
852 ## - LOCALIZACIÓN
Ubicación ES-MaACL
Número de control de estantería 1620-F-4
Holdings
Estatus retirado Estado de pérdida Estado de daño No para préstamo Colección Biblioteca de origen Biblioteca actual Ubicación en estantería Fecha de adquisición Fuente de adquisición Total de préstamos Signatura topográfica completa Código de barras Visto por última vez Precio de reemplazo Tipo de ítem Koha
        Colección de folletos Biblioteca del Ateneo de Madrid Biblioteca del Ateneo de Madrid Depósito folletos 17/01/2008     1620-F-4 1091577 23/02/2023 23/02/2023 Folleto